Baby Girl Names ending in the -ee sound (1992) Quiz Stats

 Plays Quiz not verified by Sporcle

Score 0/132 Timer 20:00
0 Plays Today
First Letter Name % Correct
EEmily
95.9%
AAshley
95.5%
C/KCarrie
94.7%
HHaley
94.6%
MMary
93.4%
KKelly
92.9%
BBrittany
92.4%
MMolly
92.4%
AAmy
92%
KKatie
91.5%
WWendy
91.3%
JJulie
90.2%
JJenny
90.2%
HHolly
90%
K/CKristi
89.7%
NNatalie
89.6%
SStephanie
89.2%
C/KCarly
88.9%
KKimberly
88.7%
JJessie
88.7%
AAllie
88.3%
AAnnie
87.8%
EEllie
87.7%
ZZoe
87.5%
TTiffany
87.4%
KKaylee
87.4%
VValerie
86.2%
LLori
86.2%
AAbby
85.5%
SStacey
85.3%
C/KCasey
85.1%
MMarie
85%
LLindsey
84.7%
CChelsea
84.4%
LLily
84.3%
KKelsey
84.2%
TTracy
84.2%
KKylie
84.1%
CChloe
83.4%
C/KCourtney
83.3%
JJamie
83.2%
MMelanie
83.2%
WWhitney
82.1%
LLucy
82.1%
First Letter Name % Correct
BBethany
81.7%
LLacey
81.4%
NNancy
80.7%
C/KCallie
80.5%
CCindy
80.3%
C/KCassie
79.2%
SSally
78.8%
MMandy
78.8%
BBailey
78.5%
AAudrey
77.9%
DDestiny
77.6%
RRuby
77.5%
RRiley
77.4%
SShelly
77.1%
LLeslie
76.5%
IIvy
76.5%
TTori
76.3%
DDaisy
76.2%
MMaggie
76.1%
BBetty
76%
BBrandi
74.9%
AAubrey
74.9%
MMindy
74.9%
MMacy
74.6%
SSandy
74.6%
SShelby
74.4%
MMelody
74.4%
JJosie
73.9%
KKathy
73.7%
SSadie
73.1%
SSophie
73.1%
HHillary
72.4%
TTammy
71.5%
TToni
71.2%
MMallory
70.8%
MMisty
70.1%
AAvery
69.9%
SSherry
69.8%
HHeidi
69.7%
BBonnie
69.3%
CConnie
68.4%
BBecky
68.4%
JJanie
67.7%
SSydney
67.6%
First Letter Name % Correct
AAngie
67.2%
NNikki
65.8%
K/CKori
65.7%
NNaomi
65.4%
JJackie
65.4%
BBetsy
64.8%
CCassidy
64.7%
MMackenzie
63.6%
BBillie
63.6%
TTerri
60.9%
BBobbie
59.9%
BBeverly
59.8%
HHarley
59%
EEbony
58.5%
JJodie
53.2%
SShirley
52.8%
DDorothy
51.8%
HHallie
50.5%
RRandi
46.5%
CCharity
45.4%
DDarcy
44%
CChasity
43.8%
PPhoebe
42.4%
DDelaney
39.2%
LLeigh
38.2%
BBree
37.4%
MMarjorie
36.2%
RRosemary
35.7%
CCody
34.1%
DDaphne
32.3%
RRikki
30.8%
WWhitley
30.6%
DDemi
28%
KKirstie
21.9%
MMarlee
20.3%
IImani
18.1%
AAnnmarie
17%
KKeely
16.8%
BBaby
16.1%
SStevie
14.9%
KKinsey
13.6%
AAraceli
12.6%
SShawnee
8.5%
SStormy
8.4%

You're not logged in!

Compare scores with friends on all Sporcle quizzes.
Join for Free
OR
Log In

You Might Also Like...

Show Comments

Extras

Top Quizzes Today


Score Distribution

Your Account Isn't Verified!

In order to create a playlist on Sporcle, you need to verify the email address you used during registration. Go to your Sporcle Settings to finish the process.

Report this User

Report this user for behavior that violates our Community Guidelines.

Details: